LEADER 01220nam a2200229 4500 001 000000359321 003 CaOOAMICUS 005 20240820150159.0 008 240809s1785 it 000 u ita r 040 $aSeMil$bita 110 21$aConsorzio della Misericordia .$0(OLS)http://semarc/name/120172 245 10$aRaccolta dei privilegi e prerogative del Consorzio della Misericordia Maggiore (18 marzo 1738) 264 1$c([Milano], 1785) 300 $a69, [1] p. ;$c4° 500 $aSegn.: A-F? 500 $aTitolo desunto dall'incipit del testo: Avendo determinato gl'illustrissimi signori Rettore, e Deputati dell'Illustrissimo Consorzio della Misericordia di Milano eretto in P. C. P. di S. Protaso a' monaci, che si facci una raccolta de privilegi, e prerogative del medesimo Consorzio ... 500 $aData di pubblicazione presunta a p. 69 850 $aSeMil 852 $aSeMil$W1$xVenegono$y1$m3Z VI 7/1 FA$j250229$B250394$CSeMilBibl$Z2$F250394 $8I 996 $6245$aRaccolta dei privilegi e prerogative del Consorzio della Misericordia Maggiore (18 marzo 1738)$9(OLS)http://semarc/title/449771 996 $6264$a[S.l.] :$b[s.n.]$9(OLS)http://semarc/publisher/0 LEADER 00932nam a2200193 i 4500 001 000000228920 003 CaOOAMICUS 005 20140416000000.0 008 140416s1721 xx u000 u fre u 013 $a207822 026 $atees idum **c. (bPi (3) 1721 (R) 040 $aSeMil$bita 245 13$aLe Livres des Rois. Tome second. 300 $a[4], XLII, [6], 747, [21] p., [3] carte di tav :$bill. 773 0 $aCalmet, Augustin $tCommentaire litteral sur tous les livres de l'Ancien et du Nouveau Testament. Par le r.p.d. Augustin Calmet ..$dA Paris : Chez Pierre Emery, au milieu du Quay des Augustins, près la rue Pavée, à l'Ecu de France, 1707-1730.$g[6$w()29755 850 $aSeMil 852 $aSeMil$W1$xVenegono$y1$m2Z IV 6 FA$j179266$B179266$CSeMilBibl$Z2$F190376 $8I 961 $aOmaggio: Biblioteca Seminario Duomo 996 $6245$aLe Livres des Rois. Tome second$9(OLS)http://semarc/title/327606